000 004980000a22001810004500
003 MACL
005 20160318120706.0
008 160318b xxu||||| |||| 00| 0 eng d
040 _aMACL
_cMACL
041 _aHindi
082 _a891.432
100 _aमुन्‍शी लीलावती
_947168
245 _aकुमार देवी
260 _bकिताब महल
_c1952
_aइलाहाबाद
350 _a2
650 _aDrama
_947170
942 _cHIN
_k891.432
_2ddc
999 _c23556
_d23556